NBA top 50 PSP Every Year since 2000 - Statistics

General Stats
  • This quiz has been taken 107 times
    106 since last reset
  • The average score is 928 of 1300
Answer Stats
Season Rk Player PSP Team Pos % Correct
2025 1 Nikola Jokic 695 DEN C
98%
2024 2 Nikola Jokic 5391 DEN C
98%
2023 1 Nikola Jokic 5287 DEN C
98%
2022 1 Nikola Jokic 4655 DEN C
98%
2021 1 Nikola Jokic 4548 DEN C
98%
2020 3 Nikola Jokic 4224 DEN C
98%
2019 3 Nikola Jokic 4591 DEN C
98%
2018 16 Nikola Jokic 3255 DEN C
98%
2017 32 Nikola Jokic 2773 DEN C
98%
2025 6 Giannis Antetokounmpo 550 MIL PF
95%
2024 8 Giannis Antetokounmpo 4181 MIL PF
95%
2023 11 Giannis Antetokounmpo 3660 MIL PF
95%
2022 4 Giannis Antetokounmpo 4454 MIL PF
95%
2021 2 Giannis Antetokounmpo 4412 MIL PF
95%
2020 4 Giannis Antetokounmpo 4028 MIL PF
95%
2019 2 Giannis Antetokounmpo 4702 MIL PF
95%
2018 6 Giannis Antetokounmpo 4055 MIL PF
95%
2017 7 Giannis Antetokounmpo 3959 MIL SF
95%
2016 26 Giannis Antetokounmpo 2859 MIL PG
95%
2015 46 Giannis Antetokounmpo 2299 MIL SG
95%
2025 2 Jayson Tatum 599 BOS SF
95%
2024 3 Jayson Tatum 4364 BOS PF
95%
2023 2 Jayson Tatum 4692 BOS SF
95%
2022 2 Jayson Tatum 4569 BOS SF
95%
2021 14 Jayson Tatum 3133 BOS SF
95%
2020 9 Jayson Tatum 3371 BOS PF
95%
2018 40 Jayson Tatum 2482 BOS SF
95%
2025 12 LeBron James 499 LAL SF
95%
2024 9 LeBron James 4023 LAL PF
95%
2023 10 LeBron James 3727 LAL PF
95%
2022 26 LeBron James 2984 LAL C
95%
2021 31 LeBron James 2591 LAL PG
95%
2020 1 LeBron James 4923 LAL PG
95%
2019 36 LeBron James 2983 LAL SF
95%
2018 1 LeBron James 6038 CLE PF
95%
2017 3 LeBron James 5116 CLE SF
95%
2016 2 LeBron James 4814 CLE SF
95%
2015 3 LeBron James 4558 CLE SF
95%
2014 2 LeBron James 4671 MIA PF
95%
2013 1 LeBron James 5096 MIA PF
95%
2012 1 LeBron James 4352 MIA SF
95%
2011 1 LeBron James 4962 MIA SF
95%
2010 1 LeBron James 4945 CLE SF
95%
2009 1 LeBron James 5182 CLE SF
95%
2008 2 LeBron James 4845 CLE SF
95%
2007 1 LeBron James 4802 CLE SF
95%
2006 1 LeBron James 4949 CLE SF
95%
2005 3 LeBron James 4146 CLE SF
95%
2004 16 LeBron James 3204 CLE SG
95%
2025 3 Luka Doncic 597 DAL PG
95%
2024 1 Luka Doncic 5774 DAL PG
95%
2023 6 Luka Doncic 3888 DAL PG
95%
2022 3 Luka Doncic 4537 DAL PG
95%
2021 4 Luka Doncic 4052 DAL PG
95%
2020 5 Luka Doncic 3843 DAL PG
95%
2019 31 Luka Doncic 3049 DAL SG
95%
2025 5 Trae Young 579 ATL PG
95%
2024 39 Trae Young 2831 ATL PG
95%
2023 3 Trae Young 4082 ATL PG
95%
2022 5 Trae Young 4268 ATL PG
95%
2021 5 Trae Young 3922 ATL PG
95%
2020 12 Trae Young 3226 ATL PG
95%
2019 24 Trae Young 3243 ATL PG
95%
2025 17 Victor Wembanyama 451 SAS PF
95%
2024 24 Victor Wembanyama 3167 SAS C
95%
2025 7 James Harden 546 LAC SG
93%
2024 23 James Harden 3185 LAC PG
93%
2023 18 James Harden 3405 PHI PG
93%
2022 7 James Harden 3898 BRK,PHI PG
93%
2021 19 James Harden 2881 HOU,BRK PG
93%
2020 2 James Harden 4624 HOU SG
93%
2019 1 James Harden 5327 HOU PG
93%
2018 3 James Harden 4872 HOU SG
93%
2017 2 James Harden 5573 HOU PG
93%
2016 4 James Harden 4539 HOU SG
93%
2015 1 James Harden 4870 HOU SG
93%
2014 9 James Harden 3503 HOU SG
93%
2013 5 James Harden 3762 HOU SG
93%
2012 17 James Harden 2428 OKC SG
93%
2024 25 Stephen Curry 3159 GSW PG
93%
2023 17 Stephen Curry 3405 GSW PG
93%
2022 8 Stephen Curry 3893 GSW PG
93%
2021 11 Stephen Curry 3277 GSW PG
93%
2019 7 Stephen Curry 4121 GSW PG
93%
2018 25 Stephen Curry 2988 GSW PG
93%
2017 5 Stephen Curry 4408 GSW PG
93%
2016 3 Stephen Curry 4811 GSW PG
93%
2015 2 Stephen Curry 4667 GSW PG
93%
2014 3 Stephen Curry 3998 GSW PG
93%
2013 3 Stephen Curry 3859 GSW PG
93%
2011 39 Stephen Curry 2652 GSW PG
93%
2010 27 Stephen Curry 2870 GSW PG
93%
2025 15 Anthony Davis 455 LAL C
92%
2024 10 Anthony Davis 4019 LAL C
92%
2023 16 Anthony Davis 3414 LAL C
92%
2020 6 Anthony Davis 3817 LAL PF
92%
2019 41 Anthony Davis 2783 NOP C
92%
2018 5 Anthony Davis 4059 NOP PF
92%
2017 12 Anthony Davis 3558 NOP C
92%
2016 41 Anthony Davis 2543 NOP C
92%
2015 12 Anthony Davis 3153 NOP PF
92%
2014 43 Anthony Davis 2555 NOP PF
92%
2025 14 Anthony Edwards 466 MIN SG
92%
2024 7 Anthony Edwards 4226 MIN SG
92%
2023 12 Anthony Edwards 3616 MIN SG
92%
2022 32 Anthony Edwards 2843 MIN SG
92%
2021 46 Anthony Edwards 2268 MIN SG
92%
2002 48 Antonio Davis 2459 TOR PF
92%
2001 46 Antonio Davis 2649 TOR C
92%
2010 34 Baron Davis 2776 LAC PG
92%
2008 11 Baron Davis 3656 GSW PG
92%
2007 14 Baron Davis 3233 GSW PG
92%
2004 14 Baron Davis 3276 NOH PG
92%
2002 9 Baron Davis 3893 CHH PG
92%
2001 21 Baron Davis 3312 CHH PG
92%
2025 18 Damian Lillard 450 MIL PG
92%
2024 16 Damian Lillard 3383 MIL PG
92%
2023 27 Damian Lillard 3061 POR PG
92%
2021 6 Damian Lillard 3664 POR PG
92%
2020 7 Damian Lillard 3616 POR PG
92%
2019 5 Damian Lillard 4412 POR PG
92%
2018 9 Damian Lillard 3488 POR PG
92%
2017 15 Damian Lillard 3522 POR PG
92%
2016 8 Damian Lillard 3791 POR PG
92%
2015 8 Damian Lillard 3409 POR PG
92%
2014 10 Damian Lillard 3447 POR PG
92%
2013 22 Damian Lillard 2974 POR PG
92%
2014 28 David West 2835 IND PF
92%
2013 23 David West 2934 IND PF
92%
2012 45 David West 1973 IND PF
92%
2010 37 David West 2760 NOH PF
92%
2009 31 David West 2848 NOH PF
92%
2008 21 David West 3214 NOH PF
92%
2018 46 DeAndre Jordan 2442 LAC C
92%
2017 34 DeAndre Jordan 2748 LAC C
92%
2016 32 DeAndre Jordan 2660 LAC C
92%
2015 17 DeAndre Jordan 3009 LAC C
92%
2014 34 DeAndre Jordan 2754 LAC C
92%
2025 41 Kevin Durant 389 PHO SF
92%
2024 14 Kevin Durant 3610 PHO PF
92%
2023 40 Kevin Durant 2811 BRK,PHO PF
92%
2022 21 Kevin Durant 3092 BRK PF
92%
2021 41 Kevin Durant 2315 BRK PF
92%
2019 6 Kevin Durant 4159 GSW SF
92%
2018 4 Kevin Durant 4166 GSW SF
92%
2017 14 Kevin Durant 3540 GSW PF
92%
2016 5 Kevin Durant 4289 OKC SF
92%
2014 1 Kevin Durant 5170 OKC SF
92%
2013 2 Kevin Durant 4491 OKC SF
92%
2012 2 Kevin Durant 3923 OKC SF
92%
2011 5 Kevin Durant 4043 OKC SF
92%
2010 5 Kevin Durant 3988 OKC SF
92%
2009 27 Kevin Durant 2912 OKC SF
92%
2025 8 LaMelo Ball 540 CHO PG
92%
2022 13 LaMelo Ball 3348 CHO PG
92%
2003 28 Michael Jordan 2921 WAS SF
92%
2002 50 Michael Jordan 2445 WAS SF
92%
2007 42 Ricky Davis 2562 MIN SF
92%
2006 39 Ricky Davis 2763 BOS,MIN SG,SF
92%
2003 23 Ricky Davis 3049 CLE SG
92%
2023 29 Russell Westbrook 3036 LAL,LAC PG
92%
2022 18 Russell Westbrook 3216 LAL PG
92%
2021 3 Russell Westbrook 4207 WAS PG
92%
2020 13 Russell Westbrook 3206 HOU PG
92%
2019 4 Russell Westbrook 4498 OKC PG
92%
2018 2 Russell Westbrook 4986 OKC PG
92%
2017 1 Russell Westbrook 5632 OKC PG
92%
2016 1 Russell Westbrook 5391 OKC PG
92%
2015 6 Russell Westbrook 3676 OKC PG
92%
2014 21 Russell Westbrook 2996 OKC PG
92%
2013 4 Russell Westbrook 3809 OKC PG
92%
2012 3 Russell Westbrook 3559 OKC PG
92%
2011 3 Russell Westbrook 4439 OKC PG
92%
2010 12 Russell Westbrook 3411 OKC PG
92%
2009 37 Russell Westbrook 2651 OKC PG
92%
2025 9 Shai Gilgeous-Alexander 540 OKC SG
92%
2024 4 Shai Gilgeous-Alexander 4348 OKC PG
92%
2023 15 Shai Gilgeous-Alexander 3469 OKC PG
92%
2020 30 Shai Gilgeous-Alexander 2552 OKC SG
92%
2006 35 Shaquille O'Neal 2847 MIA C
92%
2005 15 Shaquille O'Neal 3464 MIA C
92%
2004 2 Shaquille O'Neal 3742 LAL C
92%
2003 9 Shaquille O'Neal 3823 LAL C
92%
2002 6 Shaquille O'Neal 4061 LAL C
92%
2001 1 Shaquille O'Neal 4751 LAL C
92%
2000 1 Shaquille O'Neal 5567 LAL C
92%
2025 4 Cade Cunningham 579 DET PG
90%
2024 50 Cade Cunningham 2679 DET PG
90%
2025 13 Devin Booker 474 PHO SG
90%
2024 18 Devin Booker 3361 PHO PG
90%
2023 32 Devin Booker 2976 PHO SG
90%
2022 15 Devin Booker 3303 PHO SG
90%
2021 9 Devin Booker 3587 PHO SG
90%
2020 14 Devin Booker 3139 PHO SG
90%
2019 38 Devin Booker 2900 PHO SG
90%
2017 46 Devin Booker 2604 PHO SG
90%
2025 16 Kyrie Irving 455 DAL PG
90%
2024 21 Kyrie Irving 3301 DAL SG
90%
2023 42 Kyrie Irving 2700 BRK,DAL PG,SG
90%
2021 22 Kyrie Irving 2801 BRK PG
90%
2019 19 Kyrie Irving 3370 BOS PG
90%
2017 8 Kyrie Irving 3727 CLE PG
90%
2016 35 Kyrie Irving 2607 CLE PG
90%
2015 11 Kyrie Irving 3199 CLE PG
90%
2014 36 Kyrie Irving 2734 CLE PG
90%
2024 26 Bam Adebayo 3060 MIA C
89%
2023 8 Bam Adebayo 3759 MIA C
89%
2022 40 Bam Adebayo 2673 MIA C
89%
2021 25 Bam Adebayo 2743 MIA C
89%
2020 8 Bam Adebayo 3529 MIA PF
89%
2025 10 Domantas Sabonis 525 SAC C
89%
2024 6 Domantas Sabonis 4281 SAC C
89%
2023 4 Domantas Sabonis 4007 SAC C
89%
2022 41 Domantas Sabonis 2655 IND,SAC PF
89%
2021 17 Domantas Sabonis 3048 IND PF
89%
2020 25 Domantas Sabonis 2615 IND PF
89%
2023 43 Draymond Green 2666 GSW PF
89%
2021 47 Draymond Green 2248 GSW PF
89%
2019 35 Draymond Green 2994 GSW PF
89%
2018 12 Draymond Green 3372 GSW PF
89%
2017 17 Draymond Green 3357 GSW PF
89%
2016 6 Draymond Green 4265 GSW PF
89%
2015 13 Draymond Green 3153 GSW PF
89%
2025 47 Jalen Green 357 HOU SG
89%
2024 46 Jalen Green 2709 HOU SG
89%
2023 46 Jalen Green 2606 HOU SG
89%
2024 20 Jaylen Brown 3341 BOS SF
89%
2023 13 Jaylen Brown 3538 BOS SF
89%
2022 12 Jaylen Brown 3440 BOS SF
89%
2021 44 Jaylen Brown 2271 BOS SG
89%
2020 34 Jaylen Brown 2454 BOS SG
89%
2024 44 Kawhi Leonard 2740 LAC SF
89%
2021 20 Kawhi Leonard 2816 LAC SF
89%
2020 10 Kawhi Leonard 3314 LAC SF
89%
2019 10 Kawhi Leonard 3758 TOR SF
89%
2017 11 Kawhi Leonard 3587 SAS SF
89%
2016 23 Kawhi Leonard 2971 SAS SF
89%
2015 49 Kawhi Leonard 2278 SAS SF
89%
2019 27 Klay Thompson 3134 GSW SG
89%
2018 29 Klay Thompson 2793 GSW SG
89%
2017 29 Klay Thompson 2863 GSW SG
89%
2016 14 Klay Thompson 3331 GSW SG
89%
2015 14 Klay Thompson 3121 GSW SG
89%
2013 47 Klay Thompson 2462 GSW SG
89%
2006 34 Mike James 2861 TOR PG
89%
2010 39 Ray Allen 2684 BOS SG
89%
2009 38 Ray Allen 2635 BOS SG
89%
2008 41 Ray Allen 2749 BOS SG
89%
2006 30 Ray Allen 2980 SEA SG
89%
2005 20 Ray Allen 3323 SEA SG
89%
2003 33 Ray Allen 2879 MIL,SEA SG
89%
2002 47 Ray Allen 2463 MIL SG
89%
2001 6 Ray Allen 3902 MIL SG
89%
2000 23 Ray Allen 3090 MIL SG
89%
2002 45 Alvin Williams 2497 TOR PG
87%
2025 19 De'Aaron Fox 446 SAC PG
87%
2024 15 De'Aaron Fox 3420 SAC PG
87%
2023 14 De'Aaron Fox 3489 SAC PG
87%
2021 30 De'Aaron Fox 2612 SAC PG
87%
2019 30 De'Aaron Fox 3061 SAC PG
87%
2015 48 Deron Williams 2280 BRK PG
87%
2013 10 Deron Williams 3316 BRK PG
87%
2012 18 Deron Williams 2386 NJN PG
87%
2011 24 Deron Williams 2997 UTA,NJN PG
87%
2010 7 Deron Williams 3918 UTA PG
87%
2009 12 Deron Williams 3299 UTA PG
87%
2008 4 Deron Williams 4178 UTA PG
87%
2007 7 Deron Williams 3867 UTA PG
87%
2025 25 Donovan Mitchell 433 CLE SG
87%
2024 27 Donovan Mitchell 3000 CLE SG
87%
2023 24 Donovan Mitchell 3165 CLE SG
87%
2022 19 Donovan Mitchell 3096 UTA SG
87%
2021 23 Donovan Mitchell 2745 UTA PG
87%
2020 15 Donovan Mitchell 2997 UTA SG
87%
2019 29 Donovan Mitchell 3099 UTA SG
87%
2018 20 Donovan Mitchell 3084 UTA SG
87%
2025 27 Jalen Williams 429 OKC SG
87%
2024 41 Jalen Williams 2791 OKC PF
87%
2025 46 Ja Morant 358 MEM PG
87%
2023 22 Ja Morant 3258 MEM PG
87%
2022 16 Ja Morant 3259 MEM PG
87%
2021 21 Ja Morant 2811 MEM PG
87%
2020 28 Ja Morant 2559 MEM PG
87%
2025 49 Jarrett Allen 357 CLE C
87%
2024 42 Jarrett Allen 2778 CLE C
87%
2003 45 Jason Williams 2494 MEM PG
87%
2000 44 Jason Williams 2619 SAC PG
87%
2024 45 Joel Embiid 2729 PHI C
87%
2023 5 Joel Embiid 3959 PHI C
87%
2022 6 Joel Embiid 4016 PHI C
87%
2021 18 Joel Embiid 2925 PHI C
87%
2020 43 Joel Embiid 2369 PHI C
87%
2019 11 Joel Embiid 3712 PHI C
87%
2018 22 Joel Embiid 3025 PHI C
87%
2025 23 Karl-Anthony Towns 438 NYK C
87%
2024 33 Karl-Anthony Towns 2874 MIN PF
87%
2022 10 Karl-Anthony Towns 3500 MIN C
87%
2021 42 Karl-Anthony Towns 2314 MIN C
87%
2019 14 Karl-Anthony Towns 3544 MIN C
87%
2018 8 Karl-Anthony Towns 3504 MIN C
87%
2017 9 Karl-Anthony Towns 3667 MIN C
87%
2016 25 Karl-Anthony Towns 2879 MIN C
87%
2013 6 Kobe Bryant 3635 LAL SG
87%
2012 6 Kobe Bryant 3084 LAL SG
87%
2011 6 Kobe Bryant 3731 LAL SG
87%
2010 2 Kobe Bryant 4332 LAL SG
87%
2009 2 Kobe Bryant 4714 LAL SG
87%
2008 1 Kobe Bryant 4942 LAL SG
87%
2007 3 Kobe Bryant 4083 LAL SG
87%
2006 4 Kobe Bryant 4476 LAL SG
87%
2005 22 Kobe Bryant 3146 LAL SG
87%
2004 3 Kobe Bryant 3650 LAL SG
87%
2003 2 Kobe Bryant 4820 LAL SG
87%
2002 3 Kobe Bryant 4324 LAL SG
87%
2001 4 Kobe Bryant 3988 LAL SG
87%
2000 8 Kobe Bryant 3536 LAL SG
87%
2020 31 Lou Williams 2500 LAC PG
87%
2019 40 Lou Williams 2837 LAC SG
87%
2018 26 Lou Williams 2918 LAC SG
87%
2012 50 Lou Williams 1891 PHI PG
87%
2015 34 Michael Carter-Williams 2515 PHI,MIL PG
87%
2014 39 Michael Carter-Williams 2659 PHI PG
87%
2010 49 Mo Williams 2443 CLE PG
87%
2009 30 Mo Williams 2858 CLE PG
87%
2007 50 Mo Williams 2426 MIL PG
87%
2024 28 Paul George 2959 LAC PF
87%
2021 12 Paul George 3191 LAC SF
87%
2020 49 Paul George 2229 LAC SF
87%
2019 8 Paul George 3857 OKC SF
87%
2018 18 Paul George 3135 OKC SF
87%
2017 19 Paul George 3129 IND SF
87%
2016 10 Paul George 3599 IND SF
87%
2014 6 Paul George 3786 IND SF
87%
2013 7 Paul George 3560 IND SF
87%
2024 36 Rudy Gobert 2866 MIN C
87%
2022 50 Rudy Gobert 2485 UTA C
87%
2021 26 Rudy Gobert 2727 UTA C
87%
2020 29 Rudy Gobert 2558 UTA C
87%
2019 32 Rudy Gobert 3037 UTA C
87%
2017 28 Rudy Gobert 2865 UTA C
87%
2009 44 Caron Butler 2512 WAS SG
85%
2006 45 Caron Butler 2523 WAS SF
85%
2022 14 Chris Paul 3305 PHO PG
85%
2021 7 Chris Paul 3645 PHO PG
85%
2020 16 Chris Paul 2936 OKC PG
85%
2019 46 Chris Paul 2657 HOU PG
85%
2018 21 Chris Paul 3032 HOU PG
85%
2017 22 Chris Paul 3024 LAC PG
85%
2016 11 Chris Paul 3575 LAC PG
85%
2015 4 Chris Paul 4340 LAC PG
85%
2014 8 Chris Paul 3554 LAC PG
85%
2013 13 Chris Paul 3231 LAC PG
85%
2012 5 Chris Paul 3099 LAC PG
85%
2011 7 Chris Paul 3673 NOH PG
85%
2009 4 Chris Paul 4378 NOH PG
85%
2008 3 Chris Paul 4724 NOH PG
85%
2007 36 Chris Paul 2643 NOK PG
85%
2006 28 Chris Paul 3061 NOK PG
85%
2024 19 Dejounte Murray 3361 ATL SG
85%
2023 23 Dejounte Murray 3197 ATL SG
85%
2022 11 Dejounte Murray 3452 SAS PG
85%
2021 38 Dejounte Murray 2406 SAS PG
85%
2024 40 Jamal Murray 2805 DEN PG
85%
2023 19 Jamal Murray 3391 DEN PG
85%
2020 17 Jamal Murray 2851 DEN PG
85%
2019 34 Jamal Murray 3011 DEN PG
85%
2023 7 Jimmy Butler 3794 MIA PF
85%
2022 20 Jimmy Butler 3093 MIA SF
85%
2021 35 Jimmy Butler 2489 MIA SF
85%
2020 11 Jimmy Butler 3290 MIA SF
85%
2019 44 Jimmy Butler 2699 MIN,PHI SF,SG
85%
2018 38 Jimmy Butler 2491 MIN SG
85%
2017 13 Jimmy Butler 3542 CHI SF
85%
2016 37 Jimmy Butler 2552 CHI SG
85%
2015 28 Jimmy Butler 2710 CHI SG
85%
2019 26 Marc Gasol 3139 MEM,TOR C
85%
2018 33 Marc Gasol 2615 MEM C
85%
2017 25 Marc Gasol 2963 MEM C
85%
2015 9 Marc Gasol 3315 MEM C
85%
2013 16 Marc Gasol 3131 MEM C
85%
2012 21 Marc Gasol 2334 MEM C
85%
2011 42 Marc Gasol 2571 MEM C
85%
2016 30 Pau Gasol 2756 CHI C
85%
2015 10 Pau Gasol 3283 CHI PF
85%
2012 11 Pau Gasol 2789 LAL PF
85%
2011 11 Pau Gasol 3407 LAL C
85%
2010 11 Pau Gasol 3434 LAL C
85%
2009 6 Pau Gasol 3858 LAL C
85%
2008 26 Pau Gasol 3115 MEM,LAL C
85%
2006 17 Pau Gasol 3421 MEM PF
85%
2004 38 Pau Gasol 2677 MEM PF
85%
2003 30 Pau Gasol 2915 MEM PF
85%
2002 25 Pau Gasol 2827 MEM PF
85%
2025 43 Cam Thomas 383 BRK SG
84%
2016 20 Dwyane Wade 3043 MIA SG
84%
2015 50 Dwyane Wade 2242 MIA SG
84%
2014 46 Dwyane Wade 2503 MIA SG
84%
2013 8 Dwyane Wade 3417 MIA SG
84%
2012 8 Dwyane Wade 2828 MIA SG
84%
2011 4 Dwyane Wade 4227 MIA SG
84%
2010 6 Dwyane Wade 3922 MIA SG
84%
2009 3 Dwyane Wade 4571 MIA SG
84%
2007 32 Dwyane Wade 2743 MIA SG
84%
2006 2 Dwyane Wade 4810 MIA SG
84%
2005 2 Dwyane Wade 4182 MIA SG
84%
2017 6 Isaiah Thomas 3994 BOS PG
84%
2016 13 Isaiah Thomas 3416 BOS PG
84%
2014 38 Isaiah Thomas 2684 SAC PG
84%
2025 32 Jalen Brunson 405 NYK PG
84%
2024 5 Jalen Brunson 4281 NYK PG
84%
2023 20 Jalen Brunson 3294 NYK PG
84%
2022 24 Jalen Brunson 3035 DAL SG
84%
2025 11 Jalen Johnson 508 ATL SF
84%
2016 50 Joe Johnson 2302 BRK,MIA SF
84%
2015 38 Joe Johnson 2405 BRK SG
84%
2012 41 Joe Johnson 2050 ATL SG
84%
2011 38 Joe Johnson 2708 ATL SG
84%
2010 18 Joe Johnson 3173 ATL SG
84%
2009 10 Joe Johnson 3368 ATL SG
84%
2008 13 Joe Johnson 3421 ATL SG
84%
2006 21 Joe Johnson 3194 ATL SG
84%
2005 34 Joe Johnson 2789 PHO SF
84%
2004 42 Joe Johnson 2595 PHO SG
84%
2022 46 Khris Middleton 2561 MIL SF
84%
2021 8 Khris Middleton 3605 MIL SF
84%
2020 24 Khris Middleton 2674 MIL SF
84%
2019 28 Khris Middleton 3107 MIL SF
84%
2018 17 Khris Middleton 3141 MIL SF
84%
2016 40 Khris Middleton 2548 MIL SG
84%
2015 27 Tim Duncan 2716 SAS C
84%
2014 14 Tim Duncan 3173 SAS C
84%
2013 12 Tim Duncan 3241 SAS C
84%
2012 27 Tim Duncan 2296 SAS C
84%
2011 43 Tim Duncan 2491 SAS C
84%
2010 17 Tim Duncan 3203 SAS C
84%
2009 20 Tim Duncan 3122 SAS C
84%
2008 6 Tim Duncan 3785 SAS C
84%
2007 2 Tim Duncan 4125 SAS C
84%
2006 12 Tim Duncan 3699 SAS PF
84%
2005 10 Tim Duncan 3665 SAS PF
84%
2004 7 Tim Duncan 3496 SAS PF
84%
2003 1 Tim Duncan 5161 SAS PF
84%
2002 2 Tim Duncan 4522 SAS PF
84%
2001 3 Tim Duncan 4221 SAS PF
84%
2000 14 Tim Duncan 3333 SAS PF
84%
2025 38 Tyrese Haliburton 394 IND PG
84%
2024 11 Tyrese Haliburton 3967 IND PG
84%
2023 44 Tyrese Haliburton 2651 IND PG
84%
2022 29 Tyrese Haliburton 2931 SAC,IND PG,SG
84%
2024 31 Zion Williamson 2898 NOP PF
84%
2021 29 Zion Williamson 2636 NOP PF
84%
2021 16 Bradley Beal 3096 WAS SG
82%
2020 20 Bradley Beal 2771 WAS SG
82%
2019 12 Bradley Beal 3585 WAS SG
82%
2018 14 Bradley Beal 3300 WAS SG
82%
2017 20 Bradley Beal 3123 WAS SG
82%
2014 50 Bradley Beal 2488 WAS SG
82%
2025 42 Coby White 387 CHI PG
82%
2024 38 Coby White 2837 CHI PG
82%
2025 24 DeMar DeRozan 434 SAC SG
82%
2024 22 DeMar DeRozan 3297 CHI SF
82%
2023 25 DeMar DeRozan 3119 CHI SF
82%
2022 9 DeMar DeRozan 3540 CHI PF
82%
2021 33 DeMar DeRozan 2519 SAS PF
82%
2020 21 DeMar DeRozan 2729 SAS SF
82%
2019 16 DeMar DeRozan 3443 SAS SG
82%
2018 11 DeMar DeRozan 3450 TOR SG
82%
2017 16 DeMar DeRozan 3432 TOR SG
82%
2016 12 DeMar DeRozan 3545 TOR SG
82%
2014 17 DeMar DeRozan 3130 TOR SG
82%
2025 29 Derrick White 425 BOS SG
82%
2024 30 Derrick White 2926 BOS SG
82%
2022 48 Derrick White 2529 SAS,BOS SG
82%
2025 34 Julius Randle 399 MIN PF
82%
2023 9 Julius Randle 3734 NYK PF
82%
2022 25 Julius Randle 2995 NYK PF
82%
2021 10 Julius Randle 3562 NYK PF
82%
2020 45 Julius Randle 2339 NYK PF
82%
2019 42 Julius Randle 2754 NOP PF
82%
2018 39 Julius Randle 2485 LAL C
82%
2012 13 Kevin Garnett 2610 BOS C
82%
2011 45 Kevin Garnett 2485 BOS PF
82%
2010 40 Kevin Garnett 2668 BOS PF
82%
2008 9 Kevin Garnett 3711 BOS PF
82%
2007 9 Kevin Garnett 3520 MIN PF
82%
2006 16 Kevin Garnett 3449 MIN PF
82%
2005 4 Kevin Garnett 4090 MIN PF
82%
2004 1 Kevin Garnett 5192 MIN PF
82%
2003 3 Kevin Garnett 4555 MIN PF
82%
2002 8 Kevin Garnett 3929 MIN PF
82%
2001 5 Kevin Garnett 3939 MIN PF
82%
2000 4 Kevin Garnett 4057 MIN PF
82%
2025 45 Pascal Siakam 365 IND PF
82%
2024 12 Pascal Siakam 3717 TOR,IND PF
82%
2023 21 Pascal Siakam 3261 TOR PF
82%
2022 17 Pascal Siakam 3241 TOR PF
82%
2020 22 Pascal Siakam 2708 TOR PF
82%
2019 20 Pascal Siakam 3323 TOR PF
82%
2023 26 Zach LaVine 3075 CHI SG
82%
2022 34 Zach LaVine 2763 CHI SG
82%
2021 34 Zach LaVine 2517 CHI SG
82%
2020 35 Zach LaVine 2443 CHI SF
82%
2018 30 Dwight Howard 2748 CHO C
80%
2017 50 Dwight Howard 2445 ATL C
80%
2016 48 Dwight Howard 2352 HOU C
80%
2014 26 Dwight Howard 2894 HOU C
80%
2013 29 Dwight Howard 2856 LAL C
80%
2012 25 Dwight Howard 2303 ORL C
80%
2011 8 Dwight Howard 3665 ORL C
80%
2010 8 Dwight Howard 3683 ORL C
80%
2009 5 Dwight Howard 4235 ORL C
80%
2008 8 Dwight Howard 3733 ORL C
80%
2007 17 Dwight Howard 3133 ORL C
80%
2006 40 Dwight Howard 2744 ORL PF
80%
2008 47 Josh Howard 2580 DAL SF
80%
2007 49 Josh Howard 2427 DAL SF
80%
2003 40 Juwan Howard 2575 DEN PF
80%
2001 36 Juwan Howard 2850 WAS,DAL PF
80%
2023 45 Scottie Barnes 2613 TOR SF
80%
2012 22 Steve Nash 2332 PHO PG
80%
2011 17 Steve Nash 3128 PHO PG
80%
2010 4 Steve Nash 4102 PHO PG
80%
2009 28 Steve Nash 2882 PHO PG
80%
2008 10 Steve Nash 3683 PHO PG
80%
2007 4 Steve Nash 4052 PHO PG
80%
2006 5 Steve Nash 4448 PHO PG
80%
2005 6 Steve Nash 4003 PHO PG
80%
2004 23 Steve Nash 2997 DAL PG
80%
2003 12 Steve Nash 3676 DAL PG
80%
2002 14 Steve Nash 3377 DAL PG
80%
2001 44 Steve Nash 2713 DAL PG
80%
2024 17 Tyrese Maxey 3375 PHI PG
80%
2022 39 Tyrese Maxey 2676 PHI PG
80%
2019 18 Blake Griffin 3377 DET PF
79%
2017 47 Blake Griffin 2588 LAC PF
79%
2015 7 Blake Griffin 3518 LAC PF
79%
2014 4 Blake Griffin 3980 LAC PF
79%
2013 20 Blake Griffin 2994 LAC PF
79%
2012 7 Blake Griffin 2977 LAC PF
79%
2011 9 Blake Griffin 3566 LAC PF
79%
2025 22 Darius Garland 442 CLE PG
79%
2023 30 Darius Garland 3016 CLE PG
79%
2022 23 Darius Garland 3051 CLE PG
79%
2011 2 Derrick Rose 4520 CHI PG
79%
2010 19 Derrick Rose 3161 CHI PG
79%
2009 22 Derrick Rose 3067 CHI PG
79%
2016 47 Dirk Nowitzki 2376 DAL PF
79%
2015 42 Dirk Nowitzki 2334 DAL PF
79%
2014 20 Dirk Nowitzki 3007 DAL PF
79%
2012 29 Dirk Nowitzki 2253 DAL PF
79%
2011 10 Dirk Nowitzki 3543 DAL PF
79%
2010 9 Dirk Nowitzki 3486 DAL PF
79%
2009 7 Dirk Nowitzki 3741 DAL PF
79%
2008 15 Dirk Nowitzki 3372 DAL PF
79%
2007 11 Dirk Nowitzki 3482 DAL PF
79%
2006 3 Dirk Nowitzki 4533 DAL PF
79%
2005 5 Dirk Nowitzki 4049 DAL PF
79%
2004 18 Dirk Nowitzki 3186 DAL C
79%
2003 7 Dirk Nowitzki 4210 DAL PF
79%
2002 13 Dirk Nowitzki 3456 DAL C
79%
2001 18 Dirk Nowitzki 3426 DAL PF
79%
2000 48 Dirk Nowitzki 2504 DAL PF
79%
2003 21 Jalen Rose 3052 CHI SF
79%
2002 23 Jalen Rose 2902 IND,CHI SF
79%
2001 29 Jalen Rose 2934 IND SF
79%
2000 12 Jalen Rose 3380 IND SF
79%
2020 18 Kyle Lowry 2814 TOR PG
79%
2019 21 Kyle Lowry 3322 TOR PG
79%
2018 15 Kyle Lowry 3281 TOR PG
79%
2017 31 Kyle Lowry 2832 TOR PG
79%
2016 7 Kyle Lowry 3928 TOR PG
79%
2015 25 Kyle Lowry 2754 TOR PG
79%
2014 12 Kyle Lowry 3347 TOR PG
79%
2011 50 Kyle Lowry 2445 HOU PG
79%
2025 28 Nikola Vucevic 426 CHI C
79%
2024 35 Nikola Vucevic 2872 CHI C
79%
2023 28 Nikola Vucevic 3057 CHI C
79%
2022 31 Nikola Vucevic 2904 CHI C
79%
2021 15 Nikola Vucevic 3107 ORL,CHI C
79%
2020 23 Nikola Vucevic 2675 ORL C
79%
2019 15 Nikola Vucevic 3542 ORL C
79%
2015 29 Nikola Vucevic 2640 ORL C
79%
2024 13 Paolo Banchero 3655 ORL PF
79%
2023 50 Paolo Banchero 2571 ORL PF
79%
2014 31 Tony Parker 2794 SAS PG
79%
2013 9 Tony Parker 3416 SAS PG
79%
2012 12 Tony Parker 2789 SAS PG
79%
2011 27 Tony Parker 2931 SAS PG
79%
2009 21 Tony Parker 3106 SAS PG
79%
2008 28 Tony Parker 3068 SAS PG
79%
2007 13 Tony Parker 3341 SAS PG
79%
2006 20 Tony Parker 3213 SAS PG
79%
2005 17 Tony Parker 3394 SAS PG
79%
2004 43 Tony Parker 2585 SAS PG
79%
2003 25 Tony Parker 3037 SAS PG
79%
2022 47 Al Horford 2529 BOS C
77%
2018 27 Al Horford 2879 BOS C
77%
2017 30 Al Horford 2841 BOS C
77%
2016 27 Al Horford 2855 ATL C
77%
2015 22 Al Horford 2877 ATL C
77%
2013 26 Al Horford 2882 ATL C
77%
2011 28 Al Horford 2919 ATL C
77%
2010 31 Al Horford 2802 ATL C
77%
2008 5 Allen Iverson 3902 DEN SG
77%
2007 16 Allen Iverson 3156 PHI,DEN SG,PG
77%
2006 10 Allen Iverson 3823 PHI PG
77%
2005 1 Allen Iverson 4261 PHI PG
77%
2003 5 Allen Iverson 4392 PHI SG
77%
2002 17 Allen Iverson 3218 PHI SG
77%
2001 2 Allen Iverson 4482 PHI SG
77%
2000 9 Allen Iverson 3466 PHI SG
77%
2025 20 Franz Wagner 445 ORL SF
77%
2024 47 Franz Wagner 2700 ORL SF
77%
2013 42 Jarrett Jack 2601 GSW SG
77%
2011 19 Jason Kidd 3100 DAL PG
77%
2010 20 Jason Kidd 3085 DAL PG
77%
2009 18 Jason Kidd 3149 DAL PG
77%
2008 14 Jason Kidd 3390 NJN,DAL PG
77%
2007 6 Jason Kidd 3913 NJN PG
77%
2006 13 Jason Kidd 3615 NJN PG
77%
2005 33 Jason Kidd 2834 NJN PG
77%
2004 13 Jason Kidd 3277 NJN PG
77%
2003 4 Jason Kidd 4547 NJN PG
77%
2002 1 Jason Kidd 4575 NJN PG
77%
2001 11 Jason Kidd 3683 PHO PG
77%
2000 18 Jason Kidd 3177 PHO PG
77%
2017 4 John Wall 4705 WAS PG
77%
2016 9 John Wall 3692 WAS PG
77%
2015 5 John Wall 3861 WAS PG
77%
2014 5 John Wall 3952 WAS PG
77%
2012 14 John Wall 2588 WAS PG
77%
2011 36 John Wall 2752 WAS PG
77%
2023 34 Jrue Holiday 2934 MIL PG
77%
2022 22 Jrue Holiday 3057 MIL PG
77%
2021 13 Jrue Holiday 3138 MIL PG
77%
2020 38 Jrue Holiday 2423 NOP SG
77%
2019 37 Jrue Holiday 2953 NOP SG
77%
2018 10 Jrue Holiday 3454 NOP SG
77%
2013 17 Jrue Holiday 3117 PHI PG
77%
2012 31 Jrue Holiday 2221 PHI PG
77%
2011 30 Jrue Holiday 2846 PHI PG
77%
2018 41 Kevin Love 2477 CLE C
77%
2017 37 Kevin Love 2705 CLE PF
77%
2016 21 Kevin Love 3036 CLE PF
77%
2015 35 Kevin Love 2493 CLE PF
77%
2014 7 Kevin Love 3749 MIN PF
77%
2012 16 Kevin Love 2463 MIN PF
77%
2011 22 Kevin Love 3029 MIN PF
77%
2011 32 Manu Ginobili 2806 SAS SG
77%
2010 36 Manu Ginobili 2767 SAS SG
77%
2008 25 Manu Ginobili 3118 SAS SG
77%
2007 28 Manu Ginobili 2856 SAS SG
77%
2005 23 Manu Ginobili 3077 SAS SG
77%
2013 21 Paul Pierce 2992 BOS SF
77%
2012 9 Paul Pierce 2812 BOS SF
77%
2011 29 Paul Pierce 2890 BOS SF
77%
2010 24 Paul Pierce 2953 BOS SF
77%
2009 13 Paul Pierce 3291 BOS SF
77%
2008 7 Paul Pierce 3758 BOS SF
77%
2006 15 Paul Pierce 3537 BOS SF
77%
2005 14 Paul Pierce 3477 BOS SF
77%
2004 6 Paul Pierce 3508 BOS SG
77%
2003 8 Paul Pierce 4049 BOS SG
77%
2002 4 Paul Pierce 4182 BOS SG
77%
2001 22 Paul Pierce 3306 BOS SF
77%
2025 31 Tyler Herro 416 MIA SG
77%
2022 43 Tyler Herro 2620 MIA SG
77%
2012 42 Andre Miller 2026 DEN SG
75%
2011 35 Andre Miller 2765 POR PG
75%
2010 42 Andre Miller 2597 POR PG
75%
2009 19 Andre Miller 3133 PHI PG
75%
2008 24 Andre Miller 3119 PHI PG
75%
2007 30 Andre Miller 2797 DEN,PHI PG
75%
2006 23 Andre Miller 3131 DEN PG
75%
2005 28 Andre Miller 2888 DEN PG
75%
2004 29 Andre Miller 2889 DEN PG
75%
2003 38 Andre Miller 2588 LAC PG
75%
2002 11 Andre Miller 3638 CLE PG
75%
2001 24 Andre Miller 3117 CLE PG
75%
2005 25 Antoine Walker 3030 ATL,BOS PF
75%
2004 32 Antoine Walker 2835 DAL PF
75%
2003 16 Antoine Walker 3393 BOS PF
75%
2002 5 Antoine Walker 4108 BOS PF
75%
2001 10 Antoine Walker 3688 BOS PF
75%
2000 22 Antoine Walker 3091 BOS PF
75%
2024 37 Austin Reaves 2861 LAL SG
75%
2006 37 Brad Miller 2783 SAC C
75%
2004 30 Brad Miller 2861 SAC PF
75%
2017 49 Brook Lopez 2456 BRK C
75%
2016 38 Brook Lopez 2550 BRK C
75%
2013 46 Brook Lopez 2531 BRK C
75%
2011 41 Brook Lopez 2586 NJN C
75%
2010 29 Brook Lopez 2819 NJN C
75%
2023 37 CJ McCollum 2889 NOP PG
75%
2022 38 CJ McCollum 2682 POR,NOP PG,SG
75%
2020 19 CJ McCollum 2791 POR SG
75%
2019 39 CJ McCollum 2863 POR SG
75%
2018 28 CJ McCollum 2852 POR SG
75%
2017 26 CJ McCollum 2938 POR SG
75%
2016 19 CJ McCollum 3079 POR SG
75%
2016 46 Ish Smith 2393 NOP,PHI PG
75%
2007 41 Jermaine O'Neal 2566 IND C
75%
2004 8 Jermaine O'Neal 3465 IND PF
75%
2003 19 Jermaine O'Neal 3221 IND PF
75%
2002 33 Jermaine O'Neal 2721 IND PF
75%
2015 24 Josh Smith 2757 DET,HOU PF
75%
2014 45 Josh Smith 2503 DET SF
75%
2013 19 Josh Smith 3041 ATL PF
75%
2012 10 Josh Smith 2801 ATL PF
75%
2011 21 Josh Smith 3051 ATL PF
75%
2010 15 Josh Smith 3304 ATL PF
75%
2009 47 Josh Smith 2461 ATL PF
75%
2008 22 Josh Smith 3182 ATL PF
75%
2007 39 Josh Smith 2579 ATL SF
75%
2013 38 J.R. Smith 2686 NYK SG
75%
2009 46 J.R. Smith 2479 DEN SG
75%
2020 27 Kemba Walker 2571 BOS PG
75%
2019 13 Kemba Walker 3567 CHO PG
75%
2018 23 Kemba Walker 3021 CHO PG
75%
2017 21 Kemba Walker 3113 CHO PG
75%
2016 15 Kemba Walker 3302 CHO PG
75%
2014 33 Kemba Walker 2759 CHA PG
75%
2013 27 Kemba Walker 2871 CHA PG
75%
2000 26 Mark Jackson 2992 IND PG
75%
2019 43 Mike Conley 2731 MEM PG
75%
2017 27 Mike Conley 2898 MEM PG
75%
2015 39 Mike Conley 2384 MEM PG
75%
2014 35 Mike Conley 2742 MEM PG
75%
2013 15 Mike Conley 3136 MEM PG
75%
2012 34 Mike Conley 2127 MEM PG
75%
2011 23 Mike Conley 3002 MEM PG
75%
2016 24 Reggie Jackson 2948 DET PG
75%
2015 37 Reggie Jackson 2439 OKC,DET PG
75%
2014 48 Reggie Jackson 2499 OKC PG
75%
2001 48 Reggie Miller 2598 IND SG
75%
2000 31 Reggie Miller 2926 IND SG
75%
2010 23 Stephen Jackson 2971 GSW,CHA SG,PF
75%
2007 47 Stephen Jackson 2444 IND,GSW SF,SG
75%
2004 49 Stephen Jackson 2470 ATL SF
75%
2022 37 Andrew Wiggins 2683 GSW SF
74%
2021 49 Andrew Wiggins 2205 GSW PF
74%
2018 50 Andrew Wiggins 2401 MIN SF
74%
2017 33 Andrew Wiggins 2751 MIN SF
74%
2016 44 Andrew Wiggins 2418 MIN SF
74%
2025 21 Brandon Ingram 442 NOP SF
74%
2022 44 Brandon Ingram 2609 NOP SF
74%
2021 37 Brandon Ingram 2419 NOP SF
74%
2020 32 Brandon Ingram 2474 NOP PF
74%
2024 29 Chet Holmgren 2950 OKC C
74%
2014 40 Chris Bosh 2624 MIA C
74%
2013 36 Chris Bosh 2719 MIA C
74%
2012 35 Chris Bosh 2120 MIA PF
74%
2011 18 Chris Bosh 3122 MIA PF
74%
2010 26 Chris Bosh 2880 TOR C
74%
2009 23 Chris Bosh 3043 TOR C
74%
2008 38 Chris Bosh 2762 TOR C
74%
2007 25 Chris Bosh 2986 TOR C
74%
2006 42 Chris Bosh 2710 TOR C
74%
2005 40 Chris Bosh 2574 TOR PF
74%
2021 32 Clint Capela 2577 ATL C
74%
2019 49 Clint Capela 2567 HOU C
74%
2018 32 Clint Capela 2666 HOU C
74%
2017 43 Elfrid Payton 2619 ORL PG
74%
2015 45 Elfrid Payton 2308 ORL PG
74%
2025 30 Evan Mobley 418 CLE C
74%
2023 41 Evan Mobley 2743 CLE PF
74%
2004 22 Gary Payton 3056 LAL PG
74%
2003 11 Gary Payton 3689 SEA,MIL PG
74%
2002 7 Gary Payton 4059 SEA PG
74%
2001 14 Gary Payton 3621 SEA PG
74%
2000 2 Gary Payton 4397 SEA PG
74%
2016 17 Rajon Rondo 3123 SAC PG
74%
2012 4 Rajon Rondo 3183 BOS PG
74%
2011 20 Rajon Rondo 3059 BOS PG
74%
2010 3 Rajon Rondo 4266 BOS PG
74%
2009 8 Rajon Rondo 3531 BOS PG
74%
2008 33 Rajon Rondo 2834 BOS PG
74%
2023 49 Aaron Gordon 2579 DEN PF
72%
2019 45 Aaron Gordon 2666 ORL PF
72%
2025 26 Alperen Sengun 431 HOU C
72%
2009 29 Ben Gordon 2869 CHI SG
72%
2007 24 Ben Gordon 3012 CHI SG
72%
2021 27 Ben Simmons 2651 PHI PG
72%
2020 36 Ben Simmons 2443 PHI PG
72%
2019 9 Ben Simmons 3849 PHI PG
72%
2018 7 Ben Simmons 3906 PHI PG
72%
2017 44 Carmelo Anthony 2617 NYK SF
72%
2016 28 Carmelo Anthony 2827 NYK SF
72%
2014 11 Carmelo Anthony 3364 NYK PF
72%
2013 11 Carmelo Anthony 3284 NYK PF
72%
2012 28 Carmelo Anthony 2284 NYK SF
72%
2011 15 Carmelo Anthony 3280 DEN,NYK SF
72%
2010 16 Carmelo Anthony 3249 DEN SF
72%
2009 16 Carmelo Anthony 3193 DEN SF
72%
2008 17 Carmelo Anthony 3351 DEN SF
72%
2007 21 Carmelo Anthony 3064 DEN SF
72%
2006 18 Carmelo Anthony 3249 DEN SF
72%
2005 37 Carmelo Anthony 2617 DEN SF
72%
2004 26 Carmelo Anthony 2935 DEN SF
72%
2009 32 Devin Harris 2780 NJN PG
72%
2015 44 Evan Turner 2308 BOS SG
72%
2024 32 Fred VanVleet 2886 HOU PG
72%
2023 39 Fred VanVleet 2822 TOR PG
72%
2022 35 Fred VanVleet 2751 TOR PG
72%
2020 37 Fred VanVleet 2427 TOR SG
72%
2024 49 Mikal Bridges 2687 BRK SF
72%
2023 38 Mikal Bridges 2884 PHO,BRK SG,SF
72%
2022 28 Miles Bridges 2938 CHO PF
72%
2024 43 Myles Turner 2756 IND C
72%
2022 36 Tobias Harris 2734 PHI PF
72%
2021 28 Tobias Harris 2639 PHI PF
72%
2020 26 Tobias Harris 2589 PHI PF
72%
2019 23 Tobias Harris 3246 LAC,PHI PF
72%
2018 48 Tobias Harris 2413 DET,LAC PF
72%
2011 13 Amar'e Stoudemire 3339 NYK C
70%
2010 10 Amar'e Stoudemire 3459 PHO PF
70%
2008 16 Amar'e Stoudemire 3355 PHO C
70%
2007 15 Amar'e Stoudemire 3231 PHO C
70%
2005 8 Amar'e Stoudemire 3947 PHO C
70%
2000 38 Clifford Robinson 2704 PHO SF
70%
2005 38 Damon Stoudamire 2591 POR PG
70%
2004 46 Damon Stoudamire 2515 POR PG
70%
2001 50 Damon Stoudamire 2510 POR PG
70%
2001 38 David Robinson 2812 SAS C
70%
2000 29 David Robinson 2949 SAS C
70%
2003 49 Glenn Robinson 2420 ATL SF
70%
2001 16 Glenn Robinson 3473 MIL SF
70%
2000 33 Glenn Robinson 2819 MIL SF
70%
2025 33 Ivica Zubac 404 LAC C
70%
2019 22 LaMarcus Aldridge 3266 SAS C
70%
2018 24 LaMarcus Aldridge 3000 SAS C
70%
2017 42 LaMarcus Aldridge 2635 SAS PF
70%
2016 33 LaMarcus Aldridge 2642 SAS PF
70%
2015 20 LaMarcus Aldridge 2948 POR PF
70%
2014 13 LaMarcus Aldridge 3317 POR PF
70%
2013 34 LaMarcus Aldridge 2767 POR PF
70%
2012 44 LaMarcus Aldridge 1997 POR PF
70%
2011 16 LaMarcus Aldridge 3198 POR PF
70%
2010 41 LaMarcus Aldridge 2649 POR PF
70%
2009 33 LaMarcus Aldridge 2734 POR PF
70%
2013 50 Nate Robinson 2416 CHI PG
70%
2009 26 Vince Carter 2944 NJN SG
70%
2008 30 Vince Carter 2979 NJN SG
70%
2007 5 Vince Carter 3956 NJN SG
70%
2006 11 Vince Carter 3741 NJN SG
70%
2005 21 Vince Carter 3294 TOR,NJN SF,SG
70%
2004 31 Vince Carter 2843 TOR SG
70%
2001 8 Vince Carter 3821 TOR SF
70%
2000 7 Vince Carter 3550 TOR SF
70%
2020 41 Andre Drummond 2380 DET,CLE C
69%
2019 25 Andre Drummond 3238 DET C
69%
2018 19 Andre Drummond 3133 DET C
69%
2017 45 Andre Drummond 2613 DET C
69%
2016 22 Andre Drummond 2987 DET C
69%
2015 32 Andre Drummond 2570 DET C
69%
2006 43 Ben Wallace 2544 DET C
69%
2005 32 Ben Wallace 2836 DET C
69%
2004 17 Ben Wallace 3196 DET C
69%
2003 36 Ben Wallace 2784 DET C
69%
2002 41 Ben Wallace 2597 DET C
69%
2010 30 Gerald Wallace 2805 CHA SF
69%
2023 31 Jordan Poole 2989 GSW PG
69%
2022 27 Jordan Poole 2982 GSW SG
69%
2025 50 Josh Hart 357 NYK SG
69%
2003 15 Karl Malone 3402 UTA PF
69%
2002 12 Karl Malone 3521 UTA PF
69%
2001 13 Karl Malone 3649 UTA PF
69%
2000 3 Karl Malone 4069 UTA PF
69%
2006 36 Rasheed Wallace 2788 DET PF
69%
2005 27 Rasheed Wallace 2901 DET PF
69%
2004 40 Rasheed Wallace 2652 POR,ATL,DET PF
69%
2003 43 Rasheed Wallace 2544 POR PF
69%
2002 27 Rasheed Wallace 2799 POR PF
69%
2001 37 Rasheed Wallace 2820 POR PF
69%
2000 32 Rasheed Wallace 2849 POR PF
69%
2008 31 Tracy McGrady 2945 HOU SG
69%
2007 10 Tracy McGrady 3500 HOU SG
69%
2005 7 Tracy McGrady 3952 HOU SF
69%
2004 19 Tracy McGrady 3155 ORL SG
69%
2003 6 Tracy McGrady 4255 ORL SG
69%
2002 10 Tracy McGrady 3738 ORL SG
69%
2001 7 Tracy McGrady 3822 ORL SG
69%
2000 46 Tracy McGrady 2576 TOR SF
69%
2009 24 Yao Ming 3014 HOU C
69%
2005 35 Yao Ming 2685 HOU C
69%
2004 36 Yao Ming 2727 HOU C
69%
2010 33 Chauncey Billups 2785 DEN PG
67%
2009 9 Chauncey Billups 3395 DET,DEN PG
67%
2008 23 Chauncey Billups 3176 DET PG
67%
2007 20 Chauncey Billups 3086 DET PG
67%
2006 9 Chauncey Billups 3866 DET PG
67%
2005 12 Chauncey Billups 3534 DET PG
67%
2004 10 Chauncey Billups 3331 DET PG
67%
2003 42 Chauncey Billups 2566 DET PG
67%
2024 34 D'Angelo Russell 2874 LAL PG
67%
2023 35 D'Angelo Russell 2898 MIN,LAL PG
67%
2022 42 D'Angelo Russell 2621 MIN PG
67%
2019 17 D'Angelo Russell 3432 BRK PG
67%
2018 37 DeMarcus Cousins 2496 NOP C
67%
2017 10 DeMarcus Cousins 3593 SAC,NOP C
67%
2016 18 DeMarcus Cousins 3116 SAC C
67%
2015 23 DeMarcus Cousins 2781 SAC C
67%
2014 18 DeMarcus Cousins 3059 SAC C
67%
2013 44 DeMarcus Cousins 2587 SAC C
67%
2012 30 DeMarcus Cousins 2235 SAC C
67%
2013 37 George Hill 2687 IND PG
67%
2000 13 Grant Hill 3364 DET SF
67%
2022 30 Jonas Valanciunas 2914 NOP C
67%
2021 39 Jonas Valanciunas 2384 MEM C
67%
2020 46 Jonas Valanciunas 2251 MEM C
67%
2021 24 Deandre Ayton 2743 PHO C
66%
2022 45 Desmond Bane 2597 MEM SG
66%
2014 16 Joakim Noah 3163 CHI C
66%
2013 43 Joakim Noah 2596 CHI C
66%
2023 47 Lauri Markkanen 2587 UTA PF
66%
2025 37 Norman Powell 395 LAC SG
66%
2024 48 Kyle Kuzma 2695 WAS PF
64%
2025 48 RJ Barrett 357 TOR SG
64%
2023 48 RJ Barrett 2581 NYK SG
64%
2021 40 RJ Barrett 2329 NYK SG
64%
2006 33 Chris Webber 2936 PHI PF
62%
2005 31 Chris Webber 2860 SAC,PHI PF
62%
2003 13 Chris Webber 3460 SAC PF
62%
2002 16 Chris Webber 3291 SAC PF
62%
2001 9 Chris Webber 3819 SAC PF
62%
2000 5 Chris Webber 3801 SAC PF
62%
2019 50 Jusuf Nurkic 2513 POR C
62%
2014 32 Serge Ibaka 2762 OKC PF
62%
2014 23 Al Jefferson 2936 CHA C
61%
2013 41 Al Jefferson 2608 UTA C
61%
2012 24 Al Jefferson 2306 UTA C
61%
2011 31 Al Jefferson 2819 UTA C
61%
2010 50 Al Jefferson 2439 MIN C
61%
2008 29 Al Jefferson 3064 MIN C
61%
2003 37 John Stockton 2629 UTA PG
61%
2002 19 John Stockton 3047 UTA PG
61%
2001 28 John Stockton 2954 UTA PG
61%
2000 20 John Stockton 3132 UTA PG
61%
2025 39 Josh Giddey 391 CHI SG
61%
2023 33 Josh Giddey 2966 OKC PF
61%
2008 50 Michael Redd 2513 MIL SG
61%
2006 25 Michael Redd 3111 MIL SG
61%
2005 43 Michael Redd 2450 MIL SG
61%
2004 33 Michael Redd 2781 MIL SG
61%
2016 42 Monta Ellis 2528 IND SG
61%
2015 26 Monta Ellis 2745 DAL SG
61%
2014 15 Monta Ellis 3171 DAL SG
61%
2013 14 Monta Ellis 3215 MIL SG
61%
2012 33 Monta Ellis 2176 GSW,MIL SG
61%
2011 14 Monta Ellis 3301 GSW SG
61%
2010 38 Monta Ellis 2736 GSW SG
61%
2008 34 Monta Ellis 2821 GSW SG
61%
2007 46 Monta Ellis 2451 GSW SG
61%
2009 49 Richard Jefferson 2459 MIL SF
61%
2008 35 Richard Jefferson 2800 NJN SF
61%
2006 24 Richard Jefferson 3118 NJN SF
61%
2004 21 Richard Jefferson 3122 NJN SF
61%
2003 35 Richard Jefferson 2804 NJN SF
61%
2000 10 Alonzo Mourning 3430 MIA C
59%
2013 35 Andre Iguodala 2752 DEN SG
59%
2012 23 Andre Iguodala 2329 PHI SF
59%
2011 46 Andre Iguodala 2482 PHI SF
59%
2010 21 Andre Iguodala 3070 PHI SF
59%
2009 11 Andre Iguodala 3305 PHI SF
59%
2008 20 Andre Iguodala 3260 PHI SF
59%
2007 27 Andre Iguodala 2869 PHI SG
59%
2005 49 Eddie Jones 2368 MIA SF
59%
2004 39 Eddie Jones 2657 MIA SG
59%
2002 42 Eddie Jones 2576 MIA SG
59%
2000 36 Eddie Jones 2779 CHH SG
59%
2025 35 Jakob Poeltl 399 TOR C
59%
2004 11 Peja Stojakovic 3295 SAC SF
59%
2003 41 Peja Stojakovic 2571 SAC SF
59%
2002 43 Peja Stojakovic 2560 SAC SF
59%
2001 47 Peja Stojakovic 2633 SAC SF
59%
2008 37 Richard Hamilton 2766 DET SG
59%
2007 26 Richard Hamilton 2917 DET SG
59%
2006 29 Richard Hamilton 3020 DET SG
59%
2005 16 Richard Hamilton 3400 DET SG
59%
2004 15 Richard Hamilton 3216 DET SG
59%
2003 27 Richard Hamilton 2976 DET SG
59%
2018 13 Victor Oladipo 3326 IND SG
59%
2015 43 Victor Oladipo 2323 ORL SG
59%
2009 14 Brandon Roy 3283 POR SG
57%
2008 43 Brandon Roy 2719 POR SG
57%
2013 28 Carlos Boozer 2863 CHI PF
57%
2012 40 Carlos Boozer 2075 CHI PF
57%
2010 13 Carlos Boozer 3407 UTA PF
57%
2008 12 Carlos Boozer 3574 UTA PF
57%
2007 8 Carlos Boozer 3678 UTA PF
57%
2020 44 Goran Dragic 2354 MIA PG
57%
2018 34 Goran Dragic 2552 MIA PG
57%
2017 36 Goran Dragic 2710 MIA PG
57%
2016 34 Goran Dragic 2638 MIA PG
57%
2015 41 Goran Dragic 2342 PHO,MIA PG,SG
57%
2014 30 Goran Dragic 2807 PHO SG
57%
2013 40 Goran Dragic 2660 PHO PG
57%
2025 44 Jalen Suggs 377 ORL SG
57%
2021 43 John Collins 2289 ATL PF
57%
2022 33 Marcus Smart 2798 BOS PG
57%
2020 48 Marcus Smart 2233 BOS SG
57%
2017 48 Marcus Smart 2480 BOS SG
57%
2007 19 Shawn Marion 3095 PHO SF
57%
2006 7 Shawn Marion 4073 PHO PF
57%
2005 11 Shawn Marion 3608 PHO PF
57%
2004 27 Shawn Marion 2934 PHO SF
57%
2003 17 Shawn Marion 3392 PHO SF
57%
2002 22 Shawn Marion 2909 PHO SF
57%
2001 33 Shawn Marion 2887 PHO SF
57%
2015 31 Zach Randolph 2596 MEM PF
57%
2014 27 Zach Randolph 2839 MEM PF
57%
2013 31 Zach Randolph 2807 MEM PF
57%
2011 12 Zach Randolph 3348 MEM PF
57%
2010 22 Zach Randolph 3043 MEM PF
57%
2007 35 Zach Randolph 2658 POR PF
57%
2004 28 Zach Randolph 2912 POR PF
57%
2007 12 Gilbert Arenas 3481 WAS PG
56%
2006 6 Gilbert Arenas 4098 WAS PG
56%
2005 9 Gilbert Arenas 3839 WAS PG
56%
2003 22 Gilbert Arenas 3052 GSW PG
56%
2017 23 Gordon Hayward 3011 UTA SF
56%
2016 31 Gordon Hayward 2689 UTA SF
56%
2015 30 Gordon Hayward 2600 UTA SF
56%
2014 41 Gordon Hayward 2589 UTA SF
56%
2022 49 Terry Rozier 2524 CHO SG
56%
2021 36 Terry Rozier 2446 CHO SG
56%
2018 36 Terry Rozier 2500 BOS PG
56%
2012 15 Andrew Bynum 2556 LAL C
54%
2020 50 Buddy Hield 2219 SAC SG
54%
2019 47 Buddy Hield 2608 SAC SG
54%
2001 31 Dikembe Mutombo 2904 ATL,PHI C
54%
2000 45 Dikembe Mutombo 2605 ATL C
54%
2018 45 Jeff Teague 2458 MIN PG
54%
2017 18 Jeff Teague 3132 IND PG
54%
2016 29 Jeff Teague 2810 ATL PG
54%
2015 15 Jeff Teague 3093 ATL PG
54%
2014 24 Jeff Teague 2916 ATL PG
54%
2013 30 Jeff Teague 2817 ATL PG
54%
2012 47 Jeff Teague 1941 ATL PG
54%
2000 25 Scottie Pippen 3035 POR SF
54%
2013 48 Luol Deng 2423 CHI SF
52%
2011 25 Luol Deng 2988 CHI SF
52%
2007 23 Luol Deng 3046 CHI SF
52%
2017 38 Paul Millsap 2703 ATL PF
52%
2016 16 Paul Millsap 3284 ATL PF
52%
2015 18 Paul Millsap 2964 ATL PF
52%
2014 25 Paul Millsap 2901 ATL PF
52%
2012 32 Paul Millsap 2201 UTA PF
52%
2020 40 Ricky Rubio 2396 PHO PG
52%
2018 35 Ricky Rubio 2534 UTA PG
52%
2017 41 Ricky Rubio 2643 MIN PG
52%
2016 36 Ricky Rubio 2580 MIN PG
52%
2014 37 Ricky Rubio 2733 MIN PG
52%
2008 49 Tayshaun Prince 2550 DET SF
52%
2007 37 Tayshaun Prince 2628 DET SF
52%
2006 47 Tayshaun Prince 2508 DET SF
52%
2005 26 Tayshaun Prince 2957 DET SF
52%
2009 25 Antawn Jamison 2948 WAS PF
51%
2008 27 Antawn Jamison 3076 WAS PF
51%
2007 44 Antawn Jamison 2521 WAS PF
51%
2006 27 Antawn Jamison 3069 WAS SF
51%
2005 42 Antawn Jamison 2515 WAS PF
51%
2003 34 Antawn Jamison 2833 GSW SF
51%
2002 38 Antawn Jamison 2612 GSW SF
51%
2001 23 Antawn Jamison 3229 GSW SF
51%
2021 48 Collin Sexton 2243 CLE SG
51%
2012 36 Danny Granger 2099 IND SF
51%
2011 34 Danny Granger 2779 IND SF
51%
2009 41 Danny Granger 2601 IND SF
51%
2008 48 Danny Granger 2564 IND SF
51%
2025 36 Dennis Schroder 398 BRK PG
51%
2020 47 Dennis Schroder 2250 OKC PG
51%
2018 47 Dennis Schroder 2421 ATL PG
51%
2017 24 Dennis Schroder 3010 ATL PG
51%
2011 47 Elton Brand 2465 PHI PF
51%
2007 18 Elton Brand 3112 LAC PF
51%
2006 8 Elton Brand 4007 LAC PF
51%
2005 24 Elton Brand 3039 LAC PF
51%
2004 35 Elton Brand 2765 LAC PF
51%
2002 20 Elton Brand 3003 LAC PF
51%
2001 30 Elton Brand 2905 CHI PF
51%
2000 30 Elton Brand 2945 CHI PF
51%
2020 39 Hassan Whiteside 2416 POR C
51%
2017 35 Hassan Whiteside 2729 MIA C
51%
2016 39 Hassan Whiteside 2549 MIA C
51%
2025 40 Jaden Ivey 390 DET SG
51%
2021 50 Jordan Clarkson 2203 UTA SG
51%
2004 44 Kenyon Martin 2582 NJN PF
51%
2003 20 Kenyon Martin 3200 NJN PF
51%
2002 34 Kenyon Martin 2684 NJN PF
51%
2011 40 Kevin Martin 2625 HOU SG
51%
2015 40 Marcin Gortat 2344 WAS C
51%
2014 42 Marcin Gortat 2576 WAS C
51%
2012 46 Marcin Gortat 1941 PHO C
51%
2012 49 Mario Chalmers 1908 MIA PG
51%
2002 29 Vlade Divac 2783 SAC C
51%
2013 18 David Lee 3064 GSW PF
49%
2012 38 David Lee 2092 GSW PF
49%
2011 44 David Lee 2488 GSW PF
49%
2010 14 David Lee 3304 NYK C
49%
2009 36 David Lee 2694 NYK C
49%
2011 33 Jason Terry 2791 DAL SG
49%
2009 48 Jason Terry 2461 DAL SG
49%
2007 33 Jason Terry 2690 DAL SG
49%
2006 32 Jason Terry 2941 DAL PG
49%
2005 39 Jason Terry 2588 DAL PG
49%
2004 37 Jason Terry 2709 ATL PG
49%
2003 26 Jason Terry 3014 ATL PG
49%
2002 26 Jason Terry 2819 ATL SG
49%
2001 39 Jason Terry 2810 ATL SG
49%
2009 39 Mike Bibby 2633 ATL PG
49%
2007 43 Mike Bibby 2536 SAC PG
49%
2006 22 Mike Bibby 3142 SAC PG
49%
2005 19 Mike Bibby 3334 SAC PG
49%
2004 12 Mike Bibby 3287 SAC PG
49%
2002 28 Mike Bibby 2798 SAC PG
49%
2001 25 Mike Bibby 3094 VAN PG
49%
2000 27 Mike Bibby 2973 VAN PG
49%
2006 50 Zydrunas Ilgauskas 2433 CLE C
49%
2005 45 Zydrunas Ilgauskas 2410 CLE C
49%
2003 47 Zydrunas Ilgauskas 2463 CLE C
49%
2019 33 Eric Bledsoe 3019 MIL PG
48%
2018 31 Eric Bledsoe 2713 PHO,MIL PG
48%
2017 40 Eric Bledsoe 2668 PHO PG
48%
2015 19 Eric Bledsoe 2958 PHO PG
48%
2013 39 Roy Hibbert 2667 IND C
48%
2012 37 Roy Hibbert 2096 IND C
48%
2015 36 Rudy Gay 2443 SAC SF
48%
2012 26 Rudy Gay 2303 MEM SF
48%
2010 43 Rudy Gay 2527 MEM SF
48%
2008 46 Rudy Gay 2637 MEM SF
48%
2000 41 Shawn Kemp 2660 CLE C
48%
2023 36 Spencer Dinwiddie 2897 DAL,BRK PG,SG
48%
2020 33 Spencer Dinwiddie 2464 BRK PG
48%
2018 49 Spencer Dinwiddie 2405 BRK PG
48%
2005 13 Stephon Marbury 3493 NYK PG
48%
2004 4 Stephon Marbury 3639 PHO,NYK PG
48%
2003 10 Stephon Marbury 3736 PHO PG
48%
2002 15 Stephon Marbury 3362 PHO PG
48%
2001 32 Stephon Marbury 2899 NJN PG
48%
2000 15 Stephon Marbury 3251 NJN PG
48%
2015 33 Trevor Ariza 2547 HOU SF
48%
2006 44 Andrei Kirilenko 2526 UTA SF
46%
2004 34 Andrei Kirilenko 2766 UTA PF
46%
2014 29 Brandon Jennings 2812 DET PG
46%
2013 24 Brandon Jennings 2924 MIL PG
46%
2012 20 Brandon Jennings 2342 MIL PG
46%
2010 28 Brandon Jennings 2829 MIL PG
46%
2013 45 Jeremy Lin 2542 HOU PG
46%
2011 37 Lamar Odom 2730 LAL PF
46%
2010 25 Lamar Odom 2900 LAL PF
46%
2009 35 Lamar Odom 2729 LAL PF
46%
2008 19 Lamar Odom 3281 LAL PF
46%
2006 19 Lamar Odom 3239 LAL PF
46%
2004 9 Lamar Odom 3383 MIA PF
46%
2001 34 Lamar Odom 2876 LAC PF
46%
2000 40 Lamar Odom 2674 LAC SF
46%
2006 26 Sam Cassell 3111 LAC PG
46%
2004 5 Sam Cassell 3638 MIN PG
46%
2003 24 Sam Cassell 3038 MIL PG
46%
2002 24 Sam Cassell 2861 MIL PG
46%
2001 15 Sam Cassell 3586 MIL PG
46%
2000 6 Sam Cassell 3565 MIL PG
46%
2015 21 Ty Lawson 2918 DEN PG
46%
2014 47 Ty Lawson 2501 DEN PG
46%
2013 33 Ty Lawson 2785 DEN PG
46%
2012 19 Ty Lawson 2359 DEN PG
46%
2010 44 Jason Richardson 2486 PHO SG
44%
2008 32 Jason Richardson 2918 CHA SF
44%
2006 38 Jason Richardson 2777 GSW SG
44%
2005 36 Jason Richardson 2682 GSW SG
44%
2004 45 Jason Richardson 2564 GSW SG
44%
2021 45 Malcolm Brogdon 2269 IND PG
44%
2005 44 Quentin Richardson 2422 PHO SG
44%
2005 18 Steve Francis 3347 ORL PG
44%
2004 20 Steve Francis 3125 HOU PG
44%
2003 18 Steve Francis 3388 HOU PG
44%
2002 49 Steve Francis 2455 HOU PG
44%
2001 20 Steve Francis 3350 HOU PG
44%
2000 28 Steve Francis 2958 HOU PG
44%
2008 40 Marcus Camby 2752 DEN C
43%
2007 45 Marcus Camby 2517 DEN C
43%
2015 47 Markieff Morris 2288 PHO PF
43%
2017 39 Nicolas Batum 2672 CHO SG
43%
2016 43 Nicolas Batum 2485 CHO SF
43%
2014 19 Nicolas Batum 3029 POR SF
43%
2009 17 Rashard Lewis 3182 ORL PF
43%
2008 36 Rashard Lewis 2793 ORL PF
43%
2006 49 Rashard Lewis 2474 SEA SF
43%
2005 47 Rashard Lewis 2380 SEA SF
43%
2014 22 Lance Stephenson 2987 IND SG
41%
2009 45 Metta World Peace 2511 HOU SF
41%
2007 48 Metta World Peace 2432 SAC SF
41%
2004 25 Metta World Peace 2971 IND SF
41%
2003 32 Michael Finley 2879 DAL SF
41%
2002 36 Michael Finley 2633 DAL SF
41%
2001 19 Michael Finley 3412 DAL SF
41%
2000 11 Michael Finley 3390 DAL SF
41%
2010 48 Jamal Crawford 2454 ATL SG
39%
2008 42 Jamal Crawford 2746 NYK SG
39%
2004 41 Jamal Crawford 2616 CHI SG
39%
2003 46 Jerry Stackhouse 2491 WAS SG
39%
2002 18 Jerry Stackhouse 3181 DET SF
39%
2001 12 Jerry Stackhouse 3666 DET SG
39%
2000 16 Jerry Stackhouse 3231 DET SG
39%
2004 24 Latrell Sprewell 2987 MIN SF
39%
2002 39 Latrell Sprewell 2607 NYK SF
39%
2001 49 Latrell Sprewell 2530 NYK SF
39%
2000 19 Latrell Sprewell 3176 NYK SF
39%
2004 47 Shareef Abdur-Rahim 2476 ATL,POR PF
39%
2003 31 Shareef Abdur-Rahim 2894 ATL PF
39%
2002 21 Shareef Abdur-Rahim 2989 ATL PF
39%
2001 26 Shareef Abdur-Rahim 3065 VAN SF
39%
2000 17 Shareef Abdur-Rahim 3206 VAN SF
39%
2010 35 Aaron Brooks 2770 HOU PG
38%
2000 49 Glen Rice 2502 LAL SF
38%
2018 43 Joe Ingles 2468 UTA SF
38%
2019 48 Montrezl Harrell 2577 LAC C
38%
2015 16 Tyreke Evans 3014 NOP SG
38%
2012 43 Tyreke Evans 2005 SAC SG
38%
2010 32 Tyreke Evans 2793 SAC SG
38%
2010 46 Nene 2480 DEN C
34%
2009 43 Nene 2551 DEN C
34%
2003 39 Allan Houston 2577 NYK SG
33%
2000 34 Allan Houston 2819 NYK SG
33%
2010 45 Chris Kaman 2483 LAC C
33%
2009 15 Hedo Turkoglu 3278 ORL SF
33%
2008 18 Hedo Turkoglu 3349 ORL SF
33%
2003 14 Jamal Mashburn 3454 NOH SF
33%
2001 17 Jamal Mashburn 3464 CHH SF
33%
2000 39 Jamal Mashburn 2696 MIA SF
33%
2007 22 Kirk Hinrich 3049 CHI PG
33%
2006 31 Kirk Hinrich 2960 CHI PG
33%
2005 29 Kirk Hinrich 2876 CHI PG
33%
2002 37 Wally Szczerbiak 2618 MIN SF
33%
2006 48 Brevin Knight 2475 CHA PG
31%
2014 44 Chandler Parsons 2539 HOU SF
31%
2013 49 Chandler Parsons 2421 HOU SF
31%
2016 45 Greg Monroe 2401 MIL C
31%
2014 49 Greg Monroe 2489 DET PF
31%
2013 32 Greg Monroe 2797 DET C
31%
2012 39 Greg Monroe 2085 DET C
31%
2018 42 Will Barton 2473 DEN SG
31%
2009 50 O.J. Mayo 2452 MEM SG
30%
2003 29 Eric Snow 2917 PHI PG
28%
2001 45 Anthony Mason 2695 MIA PF
26%
2000 43 Anthony Mason 2621 CHH SF
26%
2001 43 Antonio McDyess 2740 DEN PF
26%
2000 37 Antonio McDyess 2762 DEN PF
26%
2006 14 Boris Diaw 3542 PHO PF
26%
2020 42 Devonte' Graham 2376 CHO PG
26%
2007 29 Mehmet Okur 2802 UTA C
26%
2006 41 Mehmet Okur 2719 UTA PF
26%
2003 48 Nick Van Exel 2423 DAL SG
26%
2002 30 Nick Van Exel 2770 DEN,DAL SG,PG
26%
2001 42 Nick Van Exel 2779 DEN PG
26%
2000 21 Nick Van Exel 3093 DEN PG
26%
2018 44 Dario Saric 2465 PHI PF
25%
2002 31 Keith Van Horn 2750 NJN SF
25%
2000 42 Keith Van Horn 2651 NJN PF
25%
2016 49 Mason Plumlee 2313 POR C
25%
2001 41 Aaron McKie 2791 PHI SG
23%
2002 35 Doug Christie 2680 SAC SG
23%
2011 26 Raymond Felton 2934 NYK,DEN SG,PG
23%
2009 34 Raymond Felton 2734 CHA PG
23%
2008 45 Raymond Felton 2650 CHA PG
23%
2007 40 Raymond Felton 2578 CHA PG
23%
2005 46 Corey Maggette 2386 LAC SG
21%
2004 50 Corey Maggette 2467 LAC SF
21%
2008 39 Jose Calderon 2755 TOR PG
21%
2007 34 Leandro Barbosa 2677 PHO SG
21%
2006 46 Al Harrington 2509 ATL PF
20%
2000 47 Derrick Coleman 2559 CHH PF
20%
2010 47 Luis Scola 2461 HOU PF
20%
2003 50 Bonzi Wells 2416 POR SG
18%
2005 30 Larry Hughes 2870 WAS SG
18%
2001 27 Terrell Brandon 3030 MIN PG
18%
2000 24 Terrell Brandon 3044 MIN PG
18%
2002 40 Jamaal Tinsley 2601 IND PG
16%
2009 40 Rafer Alston 2619 HOU,ORL PG
15%
2007 38 Rafer Alston 2607 HOU PG
15%
2005 41 Rafer Alston 2568 TOR PG
15%
2001 40 David Wesley 2799 CHH SG
13%
2000 50 David Wesley 2489 CHH PG
13%
2005 50 Drew Gooden 2350 CLE PF
13%
2013 25 Greivis Vasquez 2900 NOH PG
13%
2002 44 Darrell Armstrong 2510 ORL PG
11%
2001 35 Darrell Armstrong 2851 ORL PG
11%
2000 35 Darrell Armstrong 2780 ORL PG
11%
2011 48 D.J. Augustin 2456 CHA PG
11%
2004 48 Donyell Marshall 2474 CHI,TOR PF
11%
2012 48 Ramon Sessions 1933 CLE,LAL PG
11%
2005 48 Luke Ridnour 2369 SEA PG
10%
2007 31 T.J. Ford 2745 TOR PG
10%
2003 44 Troy Hudson 2504 MIN PG
10%
2011 49 Dorell Wright 2446 GSW SF
8%
2009 42 John Salmons 2590 SAC,CHI SF
8%
2002 32 Brent Barry 2738 SEA SG
7%
2008 44 Mike Dunleavy Jr. 2682 IND SG
7%
2002 46 Jeff McInnis 2466 LAC PG
0%
No matching quizzes found
Score Distribution
Percent of People with Each Score
Percentile by Number Answered
Your Score History
You have not taken this quiz since the last reset